<?xml version="1.0" encoding="UTF-8"?>
<record
    xmlns:xsi="http://www.w3.org/2001/XMLSchema-instance"
    xsi:schemaLocation="http://www.loc.gov/MARC21/slim http://www.loc.gov/standards/marcxml/schema/MARC21slim.xsd"
    xmlns="http://www.loc.gov/MARC21/slim">

  <leader>03520nam a2200361 i 4500</leader>
  <controlfield tag="003">DO-SdBNP</controlfield>
  <controlfield tag="005">20250911102243.0</controlfield>
  <controlfield tag="007">ta</controlfield>
  <controlfield tag="008">240701b2024    dr ||||| |||| 00| 0 spa d</controlfield>
  <datafield tag="020" ind1=" " ind2=" ">
    <subfield code="a">9789945250954</subfield>
  </datafield>
  <datafield tag="040" ind1=" " ind2=" ">
    <subfield code="a">DO-SdBNP</subfield>
    <subfield code="b">spa</subfield>
    <subfield code="c">BNPHU</subfield>
    <subfield code="e">rda</subfield>
  </datafield>
  <datafield tag="041" ind1=" " ind2=" ">
    <subfield code="a">spa</subfield>
  </datafield>
  <datafield tag="082" ind1=" " ind2="4">
    <subfield code="a">xxx</subfield>
    <subfield code="b">M385h</subfield>
    <subfield code="2">22</subfield>
  </datafield>
  <datafield tag="100" ind1=" " ind2=" ">
    <subfield code="a">Mart&#xED;nez Moya, Arturo,</subfield>
    <subfield code="9">61113</subfield>
    <subfield code="e">autor</subfield>
    <subfield code="4">aut.</subfield>
  </datafield>
  <datafield tag="245" ind1="1" ind2="0">
    <subfield code="a">Historia impositiva del pueblo dominicano :</subfield>
    <subfield code="b">crecimiento de la econom&#xED;a y de los ingresos fiscales 1844-2012 /</subfield>
    <subfield code="c">Arturo Mart&#xED;nez Moya ; diagramaci&#xF3;n y cubierta, Juan Francisco Dom&#xED;nguez Novas ; correcci&#xF3;n, William Capell&#xE1;n Ferreira.</subfield>
  </datafield>
  <datafield tag="250" ind1=" " ind2=" ">
    <subfield code="a">Primera edici&#xF3;n </subfield>
  </datafield>
  <datafield tag="264" ind1=" " ind2="4">
    <subfield code="a">Santo Domingo, Rep&#xFA;blica Dominicana :</subfield>
    <subfield code="b">Archivo General de la Naci&#xF3;n,</subfield>
    <subfield code="c">&#xA9;2024.</subfield>
  </datafield>
  <datafield tag="300" ind1=" " ind2=" ">
    <subfield code="a">452 p&#xE1;ginas ;</subfield>
    <subfield code="c">23 cm.</subfield>
  </datafield>
  <datafield tag="336" ind1=" " ind2=" ">
    <subfield code="a">texto</subfield>
    <subfield code="b">txt</subfield>
    <subfield code="2">rdacontent</subfield>
  </datafield>
  <datafield tag="337" ind1=" " ind2=" ">
    <subfield code="a">sin mediaci&#xF3;n</subfield>
    <subfield code="b">n</subfield>
    <subfield code="2">rdamedia</subfield>
  </datafield>
  <datafield tag="338" ind1=" " ind2=" ">
    <subfield code="a">volumen</subfield>
    <subfield code="b">nc</subfield>
    <subfield code="2">rdacarrier</subfield>
  </datafield>
  <datafield tag="490" ind1=" " ind2=" ">
    <subfield code="a">Archivo General de la Naci&#xF3;n</subfield>
    <subfield code="v">503</subfield>
  </datafield>
  <datafield tag="500" ind1=" " ind2=" ">
    <subfield code="a">Incluye datos biogr&#xE1;ficos del autor en las solapas</subfield>
  </datafield>
  <datafield tag="500" ind1=" " ind2=" ">
    <subfield code="a">Incluye &#xED;ndice onom&#xE1;stico e &#xED;ndices de cuadros y gr&#xE1;ficos</subfield>
  </datafield>
  <datafield tag="500" ind1=" " ind2=" ">
    <subfield code="a">Incluye referencias bibliogr&#xE1;ficas y notas al pie de las p&#xE1;ginas</subfield>
  </datafield>
  <datafield tag="504" ind1=" " ind2=" ">
    <subfield code="a">Bibliograf&#xED;a: p&#xE1;ginas 431-434</subfield>
  </datafield>
  <datafield tag="505" ind1=" " ind2=" ">
    <subfield code="a">PRESENTACI&#xD3;N, 11-- INTRODUCCI&#xD3;N, 15-- S&#xCD;NTESIS. CON EL TIEMPO TODO CAMBI&#xD3;, 31-- Evoluci&#xF3;n de la econom&#xED;a y de la tributaci&#xF3;n, 31-- Reformas estructurales en la d&#xE9;cada de los noventa siglos XX, 66-- Arancel medio a las importaciones y evasi&#xF3;n impositiva, 77-- Arancel maximizador de los ingresos fiscales, 97-- Regla fiscal te&#xF3;rica y gesti&#xF3;n presupuestaria, 99-- Disciplina fiscal y sector exterior, 106-- EL PRIMER MODELO TRIBUTARIO, 111-- La Primera Rep&#xFA;blica (1844-1861), 111-- Los cambios tributarios durante los a&#xF1;os de la anexi&#xF3;n a Espa&#xF1;a (1862-1865), 128-- AZ&#xDA;CAR, PRINCIPAL CONTRIBUYENTE DEL FISCO, 131-- La Segunda Rep&#xFA;blica (1866-1916), 131-- Cambios en la estructura impositiva durante los a&#xF1;os 1917-1924 de gobierno militar de Estados Unidos, 167-- AUMENTA LA CONTRIBUCI&#xD3;N DEL IMPUESTO INTERNO, 177-- Los primeros a&#xF1;os de la Tercera Rep&#xFA;blica. Gobierno de Horacio V&#xE1;squez (1924-1930), 177-- Sobre las reformas departamentales que recomend&#xF3; Charles G. Dawes, 210-- Los 30 a&#xF1;os de la dictadura de Trujillo (1931-1961), 211-- POPULISMO TRIBUTARIO, 257-- Gobiernos transitorios de Joaqu&#xED;n Balaguer, Consejos de Estado, Juan Bosch y Triunvirato (1961-1965), 257-- SURGEN NUEVOS CONTRIBUYENTES, 267-- Etapa democr&#xE1;tica : gobierno provisional de H&#xE9;ctor Garc&#xED;a Godoy y el de los Doce A&#xF1;os de Joaqu&#xED;n Balaguer (1966-1978), 267-- CAMBIA LA ESTRUCTURA IMPOSITIVA, 273-- Gobierno de Antonio Guzm&#xE1;n (1978-1982), 273-- Gobierno de Salvador Jorge Blanco (1982-1986), 280-- UN MODELO TRIBUTARIO DIFERENTE, 285-- Gobierno de los Diez A&#xF1;os de Joaqu&#xED;n Balaguer (1986-1996), 285-- DISTORSIONES EN EL NUEVO MODELO TRIBUTARIO, 295-- Gobierno de Leonel Fern&#xE1;ndez (1996- 2000), 295-- QUIEBRA BANCARIA COMPROMETE LAS FINANZAS P&#xDA;BLICAS, 301-- Gobierno de Hip&#xF3;lito Mej&#xED;a (2000-2004), 301-- D&#xC9;FICIT FISCAL AUMENTA ENDEUDAMIENTO P&#xDA;BLICO, 315-- Gobierno de los ocho a&#xF1;os de Leonel Fern&#xE1;ndez (2005-2012), 317-- CONSIDERACIONES FINALES, 335; ANEXO, 341; BIBLIOGRAF&#xCD;A, 431; y &#xCD;NDICES DE CUADROS Y GR&#xC1;FICOS, 435 </subfield>
  </datafield>
  <datafield tag="590" ind1=" " ind2=" ">
    <subfield code="a">Inventariado, 2024/BT</subfield>
  </datafield>
  <datafield tag="700" ind1="1" ind2=" ">
    <subfield code="a">Capell&#xE1;n Ferreira, William,</subfield>
    <subfield code="e">correcci&#xF3;n</subfield>
    <subfield code="9">85905</subfield>
    <subfield code="4">coorr.</subfield>
  </datafield>
  <datafield tag="700" ind1="1" ind2=" ">
    <subfield code="a">Dom&#xED;nguez Novas, Juan Francisco</subfield>
    <subfield code="e">diagramador</subfield>
    <subfield code="4">diagr.</subfield>
    <subfield code="9">73382</subfield>
  </datafield>
  <datafield tag="910" ind1=" " ind2=" ">
    <subfield code="a">Btav&#xE1;rez</subfield>
  </datafield>
  <datafield tag="942" ind1=" " ind2=" ">
    <subfield code="2">ddc</subfield>
    <subfield code="c">LBS1</subfield>
  </datafield>
  <datafield tag="952" ind1=" " ind2=" ">
    <subfield code="0">0</subfield>
    <subfield code="1">0</subfield>
    <subfield code="2">ddc</subfield>
    <subfield code="5">1</subfield>
    <subfield code="7">0</subfield>
    <subfield code="8">PD</subfield>
    <subfield code="a">BNPHU</subfield>
    <subfield code="b">BNPHU</subfield>
    <subfield code="c">CT</subfield>
    <subfield code="d">2024-07-01</subfield>
    <subfield code="e">Deposito legal</subfield>
    <subfield code="l">0</subfield>
    <subfield code="o">xxx M385h</subfield>
    <subfield code="p">2024-3956</subfield>
    <subfield code="r">2024-07-01</subfield>
    <subfield code="w">2024-07-01</subfield>
    <subfield code="y">LBS1</subfield>
  </datafield>
  <datafield tag="952" ind1=" " ind2=" ">
    <subfield code="0">0</subfield>
    <subfield code="1">0</subfield>
    <subfield code="2">ddc</subfield>
    <subfield code="5">1</subfield>
    <subfield code="7">0</subfield>
    <subfield code="8">PD</subfield>
    <subfield code="a">BNPHU</subfield>
    <subfield code="b">BNPHU</subfield>
    <subfield code="c">CT</subfield>
    <subfield code="d">2024-07-01</subfield>
    <subfield code="e">Deposito legal</subfield>
    <subfield code="l">0</subfield>
    <subfield code="o">xxx M385h </subfield>
    <subfield code="p">2024-3957</subfield>
    <subfield code="r">2024-07-01</subfield>
    <subfield code="t">e.2</subfield>
    <subfield code="w">2024-07-01</subfield>
    <subfield code="y">LBS1</subfield>
  </datafield>
  <datafield tag="952" ind1=" " ind2=" ">
    <subfield code="0">0</subfield>
    <subfield code="1">0</subfield>
    <subfield code="2">ddc</subfield>
    <subfield code="5">6</subfield>
    <subfield code="7">0</subfield>
    <subfield code="8">DS</subfield>
    <subfield code="a">BNPHU</subfield>
    <subfield code="b">BNPHU</subfield>
    <subfield code="c">CT</subfield>
    <subfield code="d">2024-07-01</subfield>
    <subfield code="e">Deposito legal</subfield>
    <subfield code="l">0</subfield>
    <subfield code="o">xxx M385h </subfield>
    <subfield code="p">2024-3958</subfield>
    <subfield code="r">2024-07-01</subfield>
    <subfield code="t">e.3</subfield>
    <subfield code="w">2024-07-01</subfield>
    <subfield code="y">LBS1</subfield>
  </datafield>
  <datafield tag="952" ind1=" " ind2=" ">
    <subfield code="0">0</subfield>
    <subfield code="1">0</subfield>
    <subfield code="2">ddc</subfield>
    <subfield code="5">6</subfield>
    <subfield code="7">0</subfield>
    <subfield code="8">DS</subfield>
    <subfield code="a">BNPHU</subfield>
    <subfield code="b">BNPHU</subfield>
    <subfield code="c">CT</subfield>
    <subfield code="d">2024-05-28</subfield>
    <subfield code="e">Donado por Archivo General de la Naci&#xF3;n</subfield>
    <subfield code="l">0</subfield>
    <subfield code="o">xxx M385h </subfield>
    <subfield code="p">2025-9902</subfield>
    <subfield code="r">2025-09-11</subfield>
    <subfield code="t">e.4</subfield>
    <subfield code="w">2025-09-11</subfield>
    <subfield code="y">LBS1</subfield>
  </datafield>
  <datafield tag="952" ind1=" " ind2=" ">
    <subfield code="0">0</subfield>
    <subfield code="1">0</subfield>
    <subfield code="2">ddc</subfield>
    <subfield code="5">6</subfield>
    <subfield code="7">0</subfield>
    <subfield code="8">DS</subfield>
    <subfield code="a">BNPHU</subfield>
    <subfield code="b">BNPHU</subfield>
    <subfield code="c">CT</subfield>
    <subfield code="d">2024-05-28</subfield>
    <subfield code="e">Donado por Archivo General de la Naci&#xF3;n</subfield>
    <subfield code="l">0</subfield>
    <subfield code="o">xxx M385h </subfield>
    <subfield code="p">2025-9903</subfield>
    <subfield code="r">2025-09-11</subfield>
    <subfield code="t">e.5</subfield>
    <subfield code="w">2025-09-11</subfield>
    <subfield code="y">LBS1</subfield>
  </datafield>
  <datafield tag="999" ind1=" " ind2=" ">
    <subfield code="c">57090</subfield>
    <subfield code="d">57090</subfield>
  </datafield>
</record>
